Car Brand Logos Easy - Statistics

General Stats
  • This quiz has been taken 137 times
  • The average score is 13 of 16
Answer Stats
Picture Answer % Correct
Honda
96%
Volkswagen
94%
Audi
93%
Toyota
93%
Bmw
92%
Mercedes
92%
Ferrari
91%
Hyundai
89%
Bentley
86%
Mazda
86%
Lamborghini
85%
Chevrolet
84%
Mustang
76%
Renault
70%
Peugeot
69%
Dacia
39%
No matching quizzes found
Score Distribution
Percent of People with Each Score
Percentile by Number Answered
Your Score History
You have not taken this quiz